|
|
|
|
| LEADER |
00658nam a22001937a 4500 |
| 020 |
|
|
|a 8172332939 (HBK)
|
| 082 |
|
|
|a 577.68 KUL/EN
|
| 100 |
|
|
|a KULKARNI V.S.
|
| 100 |
|
|
|a KAUL S.N.
|
| 245 |
|
|
|a ENVIRONMENT IMPACT ASSESSMENT FOR WETLAND PROTECTION
|
| 260 |
|
|
|a JODHPUR
|b SCIENTIFIC PUBLISHERS
|c 2002
|
| 300 |
|
|
|a 142P.
|
| 650 |
|
|
|a LITERATURE REVIEW
|
| 650 |
|
|
|a DEFINITION AND CLASSIFICATION
|
| 650 |
|
|
|a BENEFITS OF WETLAND
|
| 650 |
|
|
|a ENVIRONMENTAL IMPACT
|
| 942 |
|
|
|c BK
|
| 999 |
|
|
|c 167660
|d 167660
|
| 952 |
|
|
|0 0
|1 0
|4 0
|6 577_680000000000000_KUL_EN
|7 0
|9 171544
|a KAUCOAP
|b KAUCOAP
|c GEN
|d 2013-08-23
|g 450.00
|o 577.68 KUL/EN
|p KAU_COAP03851
|r 2013-08-23
|w 2013-08-23
|y BK
|